Państwa najbliżej Hiszpanii - Statystyki

Ogólne statystyki
  • Ten quiz został rozwiązany 4 635 razy
  • Średni wynik to 14 z 20
Statystyki odpowiedzi
km państwa % Poprawnych
0 Francja
99%
0 Portugalia
99%
334 Wlochy
93%
671 Niemcy
87%
0 Andora
83%
0 Gibraltar (Wielka Brytania)
82%
805 Belgia
80%
0 Maroko
80%
468 Szwajcaria
77%
68 Algieria
72%
724 Austria
70%
811 Luksemburg
68%
374 Monako
65%
716 Liechtenstein
61%
802 San Marino
60%
719 Watykan
60%
498 Tunezja
57%
860 Irlandia
51%
816 Mali
31%
314 Mauretania
31%
Nie znaleziono quizów pasujących do podanych kryteriów
Rozkład punktacji
Procent ludzi z każdym wynikiem
Percentyl według liczby udzielonych odpowiedzi
Twoja historia wyników
Nie rozwiązałeś tego quizu